| 000 | 00434nam a2200157Ia 4500 | ||
|---|---|---|---|
| 005 | 20250530141209.0 | ||
| 008 | 231217s9999 xx 000 0 und d | ||
| 020 | _a9780198062257 | ||
| 082 | _a621.3815 SED;1 R | ||
| 100 | _aSedra, Adel S. Smith, Kenneth C. | ||
| 245 | 0 | _aMicroelectronic circuits : theory and applications | |
| 250 | _a5th ed. | ||
| 260 |
_c2009 _bOxford _aNew Delhi |
||
| 300 | _axxvi, 1171+iiv | ||
| 942 | _cAA | ||
| 999 |
_c199643 _d199643 |
||